20 Periodic Table Elements By Symbol - Statistics

General Stats
  • This quiz has been taken 29 times
  • The average score is 16 of 20
Answer Stats
Hint Answer % Correct
Silver Ag
100%
Aluminium Al
100%
Americium Am
100%
Argon Ar
100%
Arsenic As
100%
Gold Au
100%
Bromine Br
100%
Calcium Ca
100%
Cobalt Co
100%
Chromium Cr
100%
Copper Cu
100%
Europium Eu
100%
Fermium Fm
100%
Francium Fr
100%
Germanium Ge
100%
Helium He
100%
Holmium Ho
100%
Indium In
100%
Lutetium Lu
100%
Moscovium Mc
100%
Mendelevium Md
100%
Magnesium Mg
100%
Molybdenum Mo
100%
Nitrogen N
100%
Sodium Na
100%
Neon Ne
100%
Nickel Ni
100%
Oxygen O
100%
Oganesson Og
100%
Phosphorus P
100%
Radium Ra
100%
Rubidium Rb
100%
Rhodium Rh
100%
Sulfur S
100%
Scandium Sc
100%
Seaborgium Sg
100%
Silicon Si
100%
Tin Sn
100%
Strontium Sr
100%
Terbium Tb
100%
Titanium Ti
100%
Xenon Xe
100%
Yttrium Y
100%
Zinc Zn
100%
Selenium Se
89%
Boron B
86%
Carbon C
86%
Lawrencium Lr
86%
Plutonium Pu
86%
Rhenium Re
86%
Ruthenium Ru
86%
Uranium U
86%
Actinium Ac
83%
Californium Cf
83%
Darmstadtium Ds
83%
Gallium Ga
83%
Lanthanum La
83%
Platinum Pt
83%
Tantalum Ta
83%
Beryllium Be
80%
Bohrium Bh
80%
Cerium Ce
80%
Curium Cm
80%
Dysprosium Dy
80%
Hydrogen H
80%
Mercury Hg
80%
Osmium Os
80%
Polonium Po
80%
Thorium Th
80%
Thulium Tm
80%
Zirconium Zr
80%
Neodymium Nd
78%
Iron Fe
75%
Flerovium Fl
75%
Potassium K
75%
Krypton Kr
75%
Lithium Li
75%
Neptunium Np
75%
Palladium Pd
75%
Praseodymium Pr
75%
Roentgenium Rg
75%
Antimony Sb
75%
Protactinium Pa
71%
Ytterbium Yb
71%
Bismuth Bi
67%
Copernicium Cn
67%
Erbium Er
67%
Fluorine F
67%
Iodine I
67%
Livermorium Lv
67%
Niobium Nb
67%
Promethium Pm
67%
Technetium Tc
67%
Tellurium Te
67%
Cesium Cs
60%
Rutherfordium Rf
60%
Thallium Tl
60%
Vanadium V
60%
Astatine At
57%
Gadolinium Gd
57%
Barium Ba
50%
Berkelium Bk
50%
Cadmium Cd
50%
Einsteinium Es
50%
Hafnium Hf
50%
Iridium Ir
50%
Manganese Mn
50%
Lead Pb
50%
Samarium Sm
50%
Tennessine Ts
50%
Tungsten W
50%
Meitnerium Mt
40%
Chlorine Cl
33%
Radon Rn
33%
Dubnium Db
0%
Hassium Hs
0%
Nihonium Nh
0%
Nobelium No
0%
No matching quizzes found
Score Distribution
Percent of People with Each Score
Percentile by Number Answered
Your Score History
You have not taken this quiz